Funiculaire aerien a l'Aiguille du Midi, Chamonix
Descripción Física:
23 p. : il., fot. ; 31 cm
Materias:
Funiculars
MARC
| LEADER | 00000nam a2200000Ia 4500 | ||
|---|---|---|---|
| 001 | 23542 | ||
| 008 | 160829s1925 xx 000 0 cat d | ||
| 080 | |a RF-17-22 | ||
| 245 | |a Funiculaire aerien a l'Aiguille du Midi, Chamonix | ||
| 260 | |a Milan : |b Ceretti & Tanfani SA, |c 1925 | ||
| 300 | |a 23 p. : |b il., fot. ; |c 31 cm | ||
| 590 | |a Hi ha un díptic solt a l'interior. | ||
| 590 | |a Prové de OPP-1714 | ||
| 650 | |a Funiculars |9 47780 | ||
| 856 | 4 | |u https://media.diba.cat/diba/fitxers/arxiu/fulletons/bib_23542_1925_baixa.pdf |y Accés lliure | |
| 856 | 4 | |u https://media.diba.cat/diba/fitxers/arxiu/fulletons/bib_23542_1925_baixa.pdf |y Accés lliure | |
| 901 | |a Arxiu | ||
| 942 | |n 1 |2 udc | ||
| 952 | |0 0 |1 0 |4 0 |6 RF1722 |7 1 |9 54987 |a Arxiu |b Arxiu |d 2012-08-07 |l 0 |o RF-17-22 |p 23542 |r 2016-12-01 00:00:00 |w 2016-12-01 |y ARXIU | ||
| 999 | |c 58857 |d 58857 | ||
| 900 | |a bib_23542_1925_baixa.pdf | ||